[Event "Berlin-ch QT"]
[Site "Berlin"]
[Date "2019.04.20"]
[Round "1"]
[White "Gros, Dirk"]
[Black "Stumpf, Andreas"]
[Result "1-0"]
[WhiteElo "2023"]
[BlackElo "1622"]
[PlyCount "53"]
[EventDate "2019.04.20"]
[EventType "swiss"]
[EventRounds "9"]
[EventCountry "GER"]
[SourceTitle "EXT 2020"]
[Source "ChessBase"]
[SourceDate "2019.10.17"]
[SourceVersion "1"]
[SourceVersionDate "2019.10.17"]
[SourceQuality "1"]

1. d4 e6 2. c4 c6 3. Nf3 f5 4. e3 Nf6 5. Bd3 d5 6. 0-0 Bd6 7. b3 0-0 8. Ba3 Qe7 9. Bxd6 Qxd6 10. Ne5 Nbd7 11. f4 Ne4 12. Nd2 Rf6 13. Ndf3 Qe7 14. Qe1 Nxe5 15. Nxe5 Qe8 16. c5 Rh6 17. Qa5 Nf6 18. h3 Nd7 19. Nf3 Qh5 20. Qd8+ Nf8 21. Ne5 Qh4 22. Qe8 Qh5 23. Qe7 Rf6 24. Qd8 h6 25. Rae1 Kh7 26. Be2 Qh4 27. Kh2 1-0

[Event "Berlin Lichtenrade op 09th"]
[Site "Berlin"]
[Date "2013.09.28"]
[Round "1.46"]
[White "Welz, Peter"]
[Black "Stumpf, Andreas"]
[Result "1-0"]
[WhiteElo "2139"]
[BlackElo "1561"]
[PlyCount "31"]
[EventDate "2013.09.28"]
[EventType "swiss"]
[EventRounds "9"]
[EventCountry "GER"]
[SourceTitle "EXT 2015"]
[Source "ChessBase"]
[SourceDate "2014.11.20"]
[SourceVersion "1"]
[SourceVersionDate "2014.11.20"]
[SourceQuality "1"]

1. e4 e5 2. Nf3 Nf6 3. d3 Nc6 4. Be2 Be7 5. 0-0 0-0 6. c3 d5 7. Qc2 dxe4 8. dxe4 Bd7 9. Nbd2 Re8 10. Nc4 Bd6 11. Bg5 h6 12. Bh4 Qe7 13. Rad1 Rad8 14. Ne3 Be6 15. Nd5 g5 16. Nxe7+ 1-0